| 000 | 00819cam a22001935a 4500 | ||
|---|---|---|---|
| 001 | L140800 | ||
| 008 | 071011s1936 xxk eng u | ||
| 035 | _a(Sirsi) u140800 | ||
| 041 | 0 | _aeng | |
| 110 | 2 |
_aWalker, Walton and Hanson _95375 |
|
| 245 | 0 | 0 |
_aRatcliffe-on-Soar, Notts. _bparticulars, plan and conditions of sale of an exceedingly valuable freehold agricultural and sporting property known as the Redhill Farm...to be sold by public auction by Messrs. Walker, Walton and Hanson at the Welbeck Hotel, Nottingham on Wednesday 19th February 1936... |
| 260 |
_aS.l. _bs.n. _c[1936] |
||
| 300 |
_a1 v. _bmap, col. _c28 cm. |
||
| 340 | _aPrinted | ||
| 351 | _cSingle item | ||
| 651 | 4 | _aNottinghamshire | |
| 690 | _aPROPERTY-PROPERTY ACQUISITION AND DISPOSAL-ACQUISITION AND DISPOSAL AT AUCTION | ||
| 942 | _n0 | ||
| 999 |
_c116492 _d116492 |
||